Fundamentals of investing
Part I: Preparing to Invest 1. The Investment Environment 2. Securities Markets and Transactions 3. Investment Information and Securities Transactions Part II: Important Conceptual Tools 4. Return and Risk 5. The Time Value of Money 6. Modern Portfolio Concepts Part III: Investing in Common Stocks 7...
Saved in:
| Main Author: | |
|---|---|
| Format: | Book |
| Language: | Undetermined |
| Published: |
Harlow
2017
|
| Subjects: | |
| Tags: |
Add Tag
No Tags, Be the first to tag this record!
|
| Institutions: | Trung tâm Học liệu Trường Đại học Cần Thơ |
|---|
| LEADER | 01442nam a2200205Ia 4500 | ||
|---|---|---|---|
| 001 | CTU_223922 | ||
| 008 | 210402s9999 xx 000 0 und d | ||
| 020 | |c 844000 | ||
| 082 | |a 332.678 | ||
| 082 | |b G536 | ||
| 100 | |a Gitman, Lawrence J. | ||
| 245 | 0 | |a Fundamentals of investing | |
| 245 | 0 | |c Lawrence J. Gitman, Michael D. Joehnk | |
| 260 | |a Harlow | ||
| 260 | |c 2017 | ||
| 520 | |a Part I: Preparing to Invest 1. The Investment Environment 2. Securities Markets and Transactions 3. Investment Information and Securities Transactions Part II: Important Conceptual Tools 4. Return and Risk 5. The Time Value of Money 6. Modern Portfolio Concepts Part III: Investing in Common Stocks 7. Common Stocks 8. Analyzing Common Stocks 9. Stock Valuation 10. Market Efficiency and Behavioral Finance Part IV: Investing in Fixed-Income Securities 11. Fixed-Income Securities 12. Bond Valuation Part V: Portfolio Management 13. Mutual Funds and Exchange-Traded Funds 14. Managing Your Own Portfolio Part VI: Derivative Securities 15. Options: Puts and Calls 16. Futures Markets and Securities Web Chapters (at www.pearsonhighered.com/smart) 17. Investing in Preferred Stocks 18. Tax-Advantaged Investments 19. Real Estate and Other Tangible Investments | ||
| 650 | |a Investments,Đầu tư | ||
| 650 | |x Problems, exercises, etc.,Bài tập, bài giải,... | ||
| 910 | |b vdbang | ||
| 980 | |a Trung tâm Học liệu Trường Đại học Cần Thơ | ||